[Event "POL-chT4B 0910"]
[Site "Wielkoposka"]
[Date "2010.05.16"]
[Round "9"]
[White "Katny, Robert"]
[Black "Bruch, Tomasz"]
[Result "1-0"]
[WhiteElo "1800"]
[BlackElo "1541"]
[PlyCount "85"]
[EventDate "2010.01.10"]
[EventType "team-tourn"]
[EventRounds "9"]
[EventCountry "POL"]
[SourceTitle "EXT 2019"]
[Source "ChessBase"]
[SourceDate "2018.10.10"]
[SourceVersion "1"]
[SourceVersionDate "2018.10.10"]
[SourceQuality "1"]
[WhiteTeam "Gorzyce Gorzyczanka"]
[BlackTeam "Slesin M-GOK Gambit"]
[WhiteTeamCountry "POL"]
[BlackTeamCountry "POL"]

1. e4 e5 2. Nf3 d6 3. Bc4 Be7 4. 0-0 Nf6 5. d4 exd4 6. Qxd4 0-0 7. Ng5 Nc6 8. Qe3 h6 9. Nxf7 Rxf7 10. Bxf7+ Kxf7 11. Qf3 b6 12. e5 Bb7 13. exf6 Bxf6 14. Nc3 Kg8 15. Ne4 Be7 16. Qg3 Kh8 17. b3 Nd4 18. Qd3 c5 19. Bb2 d5 20. Ng3 Nc6 21. Nf5 d4 22. Nxe7 Qxe7 23. Rfe1 Qd7 24. c3 Qd5 25. Qe4 Qxe4 26. Rxe4 Nb4 27. Re7 Nd3 28. Rxb7 Nxb2 29. cxd4 cxd4 30. Rd7 d3 31. Rc1 Re8 32. Kf1 Kh7 33. Rcc7 Re2 34. Rxg7+ Kh8 35. Rh7+ Kg8 36. Rcg7+ Kf8 37. Rxa7 Kg8 38. Rhd7 Re8 39. Rg7+ Kh8 40. Rgd7 Rc8 41. g4 Rf8 42. Rh7+ Kg8 43. Rag7# 1-0

[Event "POL-chT4B 0910"]
[Site "Wielkoposka"]
[Date "2010.05.16"]
[Round "7"]
[White "Katny, Robert"]
[Black "Jedrzejewski, Kamil"]
[Result "0-1"]
[WhiteElo "1800"]
[BlackElo "2034"]
[PlyCount "70"]
[EventDate "2010.01.10"]
[EventType "team-tourn"]
[EventRounds "9"]
[EventCountry "POL"]
[SourceTitle "EXT 2019"]
[Source "ChessBase"]
[SourceDate "2018.10.10"]
[SourceVersion "1"]
[SourceVersionDate "2018.10.10"]
[SourceQuality "1"]
[WhiteTeam "Gorzyce Gorzyczanka"]
[BlackTeam "Gniezno LKS Chrobry II"]
[WhiteTeamCountry "POL"]
[BlackTeamCountry "POL"]

1. e4 c5 2. Nf3 Nc6 3. d4 cxd4 4. Nxd4 Nf6 5. Nc3 e5 6. Nb3 Bb4 7. Bd2 0-0 8. Bd3 d5 9. Nxd5 Nxd5 10. exd5 Qxd5 11. Bxb4 Nxb4 12. 0-0 e4 13. Be2 Qg5 14. g3 Nd5 15. f4 Qf5 16. Bg4 Qf6 17. Bxc8 Ne3 18. Qe2 Nxf1 19. Bxb7 Qb6+ 20. Kxf1 Qxb7 21. c3 Rab8 22. Rd1 Rfe8 23. Rd4 e3 24. Kg1 Rbd8 25. Rxd8 Rxd8 26. Qxe3 Rd1+ 27. Kf2 h6 28. Qe2 Qh1 29. Nd4 Qxh2+ 30. Kf3 Qh1+ 31. Kg4 Re1 32. Qd2 Qe4 33. Nf5 h5+ 34. Kg5 f6+ 35. Kh4 Rh1+ 0-1